Sozialistische Agrarpolitik (Record no. 6495)

MARC details
000 -LEADER
fixed length control field 00595nam a22001937i 4500
001 - CONTROL NUMBER
control field 7643
003 - CONTROL NUMBER IDENTIFIER
control field OSt
005 - DATE AND TIME OF LATEST TRANSACTION
control field 20170126082402.0
007 - PHYSICAL DESCRIPTION FIXED FIELD--GENERAL INFORMATION
fixed length control field tu
008 - FIXED-LENGTH DATA ELEMENTS--GENERAL INFORMATION
fixed length control field 161220s1984 xxu||||| |||| 00| 0 d
024 7# - OTHER STANDARD IDENTIFIER
Standard number or code 7643
Source of number or code RID
024 7# - OTHER STANDARD IDENTIFIER
Standard number or code 7643
Source of number or code RSN (alt)
040 ## - CATALOGING SOURCE
Transcribing agency OSt
100 1# - MAIN ENTRY--PERSONAL NAME
Personal name Theodor Bergmann, Peter Gey, Wolfgang Quaisser
245 00 - TITLE STATEMENT
Title Sozialistische Agrarpolitik
Remainder of title Vergleichs- und Einzelstudien zur agrarpolitischen Entwicklung in der Sowjetunion, Polen, Ungarn, China und Kuba
260 ## - PUBLICATION, DISTRIBUTION, ETC.
Place of publication, distribution, etc. Germany :
Name of publisher, distributor, etc. Bund-Verlag,
Date of publication, distribution, etc. 1984.
300 ## - PHYSICAL DESCRIPTION
Extent S.258 ;
Dimensions 21cm.
490 ## - SERIES STATEMENT
Series statement Sozialistische Agrarpolitik
942 ## - ADDED ENTRY ELEMENTS (KOHA)
Koha item type Book
Holdings
Withdrawn status Lost status Damaged status Not for loan Home library Current library Shelving location Date acquired Inventory number Total Checkouts Full call number Barcode Date last seen Price effective from Koha item type
        WIIW WIIW Library 11/09/1984 7643   3.825 10003609 01/26/2017 01/26/2017 Book
The Vienna Instiute for International Economic Studies (wiiw)